Anagramy - strzelcy goli na Euro 2024. - Statystyki

Ogólne statystyki
  • Ten quiz został rozwiązany 24 razy
    18 od ostatniego zresetowania
  • Średni wynik to 8 z 20
Statystyki odpowiedzi
Kraj Wskazówka Odpowiedź % Poprawnych
Anglia arkan Hery Harry Kane
71%
Hiszpania molo dnia Dani Olmo
65%
kelner woda w bistro Robert Lewandowski
65%
handluj Belgiem Jude Bellingham
59%
Francja pleban ma kipy Kylian Mbappe
59%
Ela ma maliny Lamine Yamal
59%
Holandia kac pogody Cody Gakpo
53%
Polska Kuba ma sad Adam Buksa
47%
cel Palermo Cole Palmer
47%
sam w noc lilii Nico Williams
41%
Dania strach ksieni Reni Christian Eriksen
35%
Niemcy Ala mija lamus Jamal Musiala
35%
buzia Frani Fabian Ruiz
29%
obalmy i lekarza Mikel Oyarzabal
29%
wilki na stole Ollie Watkins
29%
Portugalia bonus nad refren Bruno Fernandes
24%
Włochy robal na collie Nicolo Barella
24%
mandolina Karolu Randal Kolo Muani
24%
Austria strzelam bracie Marcel Sabitzer
18%
Rumunia tlen u nas ciocia Nicolae Stanciu
12%
Nie znaleziono quizów pasujących do podanych kryteriów
Rozkład punktacji
Procent ludzi z każdym wynikiem
Percentyl według liczby udzielonych odpowiedzi
Twoja historia wyników
Nie rozwiązałeś tego quizu od ostatniego zresetowania